What Club Did They Sign From? - Man United Edition - Statistics

General Stats
  • This quiz has been taken 13 times
  • The average score is 16 of 22
Answer Stats
Player Joined Answer % Correct
Andre Onana Jul 20, 2023 Inter
100%
Casemiro Aug 22, 2022 Real Madrid
100%
Matthijs de Ligt Aug 13, 2024 Bayern
92%
Mason Mount Jul 5, 2023 Chelsea
92%
Harry Maguire Aug 5, 2019 Leicester
92%
Bruno Fernandes Jan 29, 2020 Sporting Lisbon
92%
Lisandro Martinez Jul 27, 2022 Ajax
83%
Victor Lindelof Jul 1, 2017 Benfica
83%
Manuel Ugarte Aug 30, 2024 PSG
83%
Rasmus Hojund Aug 5, 2023 Atalanta
75%
Noussair Mazraoui Aug 13, 2024 Bayern
75%
Jonny Evans Jul 18, 2023 Leicester
75%
Luke Shaw Jul 1, 2014 Southampton
75%
Christian Eriksen Jul 15, 2022 Brentford
67%
Leny Yoro Jul 18, 2024 Lille
58%
Diogo Dalot Jul 1, 2018 Porto
58%
Joshua Zirkzee Jul 14, 2024 Bologna
50%
Ayden Heaven Feb 1, 2025 Arsenal
42%
Tom Heaton Jul 2, 2021 Aston Villa
42%
Amad Diallo Jan 2, 2021 Atalanta
42%
Altay Bayindir Sep 1, 2023 Fenerbahce
42%
Patrick Dorgu Feb 2, 2025 Lecce
33%
No matching quizzes found
Score Distribution
Percent of People with Each Score
Percentile by Number Answered
Your Score History
You have not taken this quiz